Fronteras en la globalización : (Registro nro. 19944)

Detalles MARC
000 -CABECERA
Campo de control 02608cam a2200301 a 4500
005 - FECHA Y HORA DE LA ULTIMA TRANSACCION
Campo de control 20171102094518.0
008 - ELEMENTOS DE LONGITUD FIJA—INFORMACION GENERAL
Campo de control 080421s2008 ck abd r 100 0 spa d
020 ## - ISBN
ISBN 9789589830116
040 ## - FUENTE DE CATALOGACIÓN
Agencia catalogadora original CO-BoPUJ
Agencia transcriptora CO-BoIAVH
Agencia Modificadora CO-BoIAVH
041 0# - IDIOMA
Código de idioma para texto/pista de sonido o título separado Español
Código de idioma del sumario o resumen/título o subtítulo sobreimpreso eng
044 ## - PAÍS DE PUBLICACIÓN
País de publicación Colombia
082 04 - NUMERO DE CLASIFICACION DECIMAL DEWEY
Número de clasificación 338.911
Número del ítem S35I
111 2# - ASIENTO PRINCIPAL--NOMBRE DE REUNION
Nombre de reunión o de jurisdicción como elemento de entrada Seminario Fronteras en la globalización
Number [OBSOLETE] localidad, biodiversidad y comercio en la Amazonía
Fecha de la reunión (2007 oct. 31-nov. 2
Lugar de la reunión Leticia)
9 (RLIN) 86561
245 10 - MENCION DE TITULO
Título Fronteras en la globalización :
Parte restante del título localidad, biodiversidad y comercio en la Amazonia /
Mención de responsabilidad editores Carlos G., Zárate Botía y Consuelo Ahumada Beltrán
250 ## - MENCION DE EDICION
Mención de edición Primera edición
260 ## - PUBLICACION, DISTRIBUCION, ETC. (PIE DE IMPRENTA)
Lugar de publicación, distribución, etc. Bogotá (Colombia) :
Nombre del editor, distribuidor, etc. Observatorio Andino :
-- Pontificia Universidad Javeriana :
-- Fundación Konrad Adenauer,
Fecha de publicación, distribución, etc. 2008.
300 ## - DESCRIPCION FISICA
Extensión xii, 226 páginas :
Otros detalles físicos ilustraciones, cuadros y mapas ;
Dimensiones 24 cm.
504 ## - NOTA DE BIBLIOGRAFIA, ETC.
Nota de bibliografía Incluye referencias bibliográficas.
505 0# - NOTA DE CONTENIDO
Title Patentes y biotecnología molecular en el TLC Colombia-Estados Unidos : una mirada a la Amazonia /
Statement of responsibility Alejandro Chaparro-Giraldo. --
Title Why climate is dependent of biodiversity /
Statement of responsibility Peter Bunyard. --
Miscellaneous information El
Title turismo : ¿Una nueva bonanza en la Amazonia? /
Statement of responsibility Germán I. Ochoa. --
Miscellaneous information El
Title TLC con Estados Unidos : propiedad intelectual y medicamentos /
Statement of responsibility Consuelo Ahumada Beltrán. --
Title TLCAN y pueblos indígenas en México, efectos en la organización y el movimiento campesino /
Statement of responsibility Carlos Uriel del Carpio Penagos. --
Title Surgimiento de sentidos de etnicidad, nacionalidad y trasnacionalidad en la frontera amazónica de Brasil, Perú y Colombia /
Statement of responsibility Carlos G. Zárate Botía. --
Title Frontera, turismo y modernidad en el relato de la globalidad, algunos reflejos en la Amazonia /
Statement of responsibility Isabel Rodríguez y Jorge Aponte. --
Title Espacio, límites y olores : ¿una miraña sin fronteras? /
Statement of responsibility Dimitri Karadimas. --
Title Dinámicas fronterizas Andino-Amazónica : impactos en la vecindad y en la integración. Una mirada desde Colombia. /
Statement of responsibility Socorro Ramírez. --
Title Amazonía : por una selva urbanizada /
Statement of responsibility Bertha K. Becker. --
Title Sobre la integración fronteriza amazónica /
Statement of responsibility Armando Ludeña.
546 ## - NOTA DE IDIOMA
Nota de idioma Texto en español y un capítulo en inglés.
650 26 - ASIENTO SECUNDARIO DE MATERIA - TERMINO TEMATICO
Término temático o nombre geográfico como elemento de entrada Globalización.
Subdivisión general Aspectos económicos
Subdivisión geográfica Amazonía (Región, Colombia)
9 (RLIN) 86562
650 26 - ASIENTO SECUNDARIO DE MATERIA - TERMINO TEMATICO
Término temático o nombre geográfico como elemento de entrada Biodiversidad
Subdivisión geográfica Amazonía (Región, Colombia)
9 (RLIN) 86563
650 26 - ASIENTO SECUNDARIO DE MATERIA - TERMINO TEMATICO
Término temático o nombre geográfico como elemento de entrada Integración economica
Subdivisión geográfica Amazonía (Región, Colombia)
9 (RLIN) 86564
651 #4 - ASIENTO SECUNDARIO DE MATERIA - NOMBRE GEOGRAFICO
Nombre geográfico Amazonía (Región, Colombia)
Subdivisión general Desarrollo económico
9 (RLIN) 86565
700 1# - ASIENTO SECUNDARIO - NOMBRE PERSONAL
Nombre personal Ahumada Beltrán, María Consuelo
Fechas asociadas con el nombre 1954-
Término de relación editora
9 (RLIN) 86566
700 1# - ASIENTO SECUNDARIO - NOMBRE PERSONAL
Nombre personal Zárate-Botía, Carlos Gilberto
Término de relación editor
9 (RLIN) 31620
942 ## - ELEMENTOS ADICIONALES (KOHA)
Sistema de clasificación Dewey Decimal Classification
Tipo de ítem Libro
Existencias
Withdrawn status Lost status Sistema de Clasificación Damaged status No para préstamo Colección Ubicación Permanente Ubicación actual Fecha de adquisición Total Checkouts Número topográfico Inventario / Código de Barras Date last seen Ejemplar Price effective from Forma de adquisición Tipo de material
    Dewey Decimal Classification     General Bogotá Bogotá 02/11/2017   LB-338.911 S35I 043281 02/11/2017 Ej. 1 02/11/2017 Donación Libro